ბათუმის შოთა რუსთაველის სახელმწიფო უნივერსიტეტის ბიბლიოთეკა

აკაკი შანიძე - მთის მკვლევარი / (ბიბ.ჩანაწერი № 52905)

000 -ლიდერი
ფიქსირებული სიგრძის საკონტროლო ველი 01162nam a2200265Ia 4500
001 - საკონტროლო ნომერი
საკონტროლო ველი 19935
003 - საკონტროლო ნომრის იდენტიფიკატორი
საკონტროლო ველი GE_BSU
005 - ბოლო ოპერაციის თარიღი და დრო
საკონტროლო ველი 20200516212202.0
008 - ფიქსირებული სიგრძის მონაცემთა ელემენტები - ზოგადი ინფორმაცია
ფიქსირებული სიგრძის საკონტროლო ველი 181216s1977||||ge |||||||||||||| ||geo||
040 ## - კატალოგიზაციის წყარო
Transcribing agency GE_BSU
041 ## - ენის კოდი
Language code of text/sound track or separate title geo
080 ## - უნივერსალური ათობითი კლასიფიკაციის ინდექსი
Universal Decimal Classification number 81(479.22)(092) ჭ-49
100 ## - მთავარი ჩანაწერი - პიროვნების სახელი
Personal name ჭინჭარაული, ალ.
9 (RLIN) 7560
245 ## - ცნობა სათაურის შესახებ
Title აკაკი შანიძე - მთის მკვლევარი /
Statement of responsibility, etc ალ. ჭინჭარაული ; რედ. ვ. პაიკიძე, ლ. მენთეშაშვილი.
264 ## - წარმოების, გამოცემის, დისტრიბუციის და სხვა ცნობები
გამოცემის, წარმოების, დისტრიბუციის... ადგილი თბილისი :
გამოცემის, წარმოების, დისტრიბუციის... სახელწოდება განათლება,
გამოცემის, წარმოების, დისტრიბუციის... თარიღი 1977.
300 ## - ფიზიკური აღწერა
Extent 46 გვ. :
Other physical details 1 ფ. პორტრ. ;
Dimensions 20 სმ.
490 ## - სერიის ცნობა
Series statement (ადამიანი - ჩირაღდანი)
653 ## - INDEX TERM--UNCONTROLLED
Uncontrolled term -შანიძე აკაკი
653 ## - INDEX TERM--UNCONTROLLED
Uncontrolled term ქართველი ენათმეცნიერები
653 ## - INDEX TERM--UNCONTROLLED
Uncontrolled term ქართული ენა
700 ## - ADDED ENTRY--PERSONAL NAME
Personal name პაიკიძე, ვ.
Relator term რედაქტორი
9 (RLIN) 7826
700 ## - ADDED ENTRY--PERSONAL NAME
Personal name მენთეშაშვილი, ლ.
Relator term რედაქტორი
9 (RLIN) 1069
942 ## - ADDED ENTRY ELEMENTS (KOHA)
Koha item type წიგნი
Source of classification or shelving scheme
ეგზემპლარები
ჩამოწერის სტატუსი დაკარგული ეგზემპლარის სტატუსი კლასიფიკაციის წყარო ან თაროზე გაწყობის სქემა დაზიანების სტატუსი არ გაიცემა მუდმივი მდებარეობა (დაცვის ადგილი) ამჟამინდელი ადგილსამყოფელი თაროზე განთავსების ადგილი შეძენის თარიღი ღირებულება, შესყიდვის ნორმალური ფასი სრული შენახვის შიფრი შტრიხკოდი ბოლო ოპერაციის თარიღი ეგზემპლარის მიმდევრობითი ნომერი (კეტერი?) ფასის ძალაში შესვლის თარიღი ეგზემპლარის სახეობა საჯარო შენიშვნა
          ბათუმის შოთა რუსთაველის სახელმწიფო უნივერსიტეტის მთავარი ბიბლიოთეკა ბათუმის შოთა რუსთაველის სახელმწიფო უნივერსიტეტის მთავარი ბიბლიოთეკა წიგნსაცავი 2018-12-17 0.32 81(479.22)(092) ჭ-49 52461 2018-12-17 52461 2018-12-17 წიგნი 0.32 ლ.
          ბათუმის შოთა რუსთაველის სახელმწიფო უნივერსიტეტის მთავარი ბიბლიოთეკა ბათუმის შოთა რუსთაველის სახელმწიფო უნივერსიტეტის მთავარი ბიბლიოთეკა წიგნსაცავი 2018-12-17 0.32 81(479.22)(092) ჭ-49 52462 2018-12-17 52462 2018-12-17 წიგნი 0.32 ლ.
          ბათუმის შოთა რუსთაველის სახელმწიფო უნივერსიტეტის მთავარი ბიბლიოთეკა ბათუმის შოთა რუსთაველის სახელმწიფო უნივერსიტეტის მთავარი ბიბლიოთეკა წიგნსაცავი 2018-12-17 0.32 81(479.22)(092) ჭ-49 52463 2018-12-17 52463 2018-12-17 წიგნი 0.32 ლ.
          ბათუმის შოთა რუსთაველის სახელმწიფო უნივერსიტეტის მთავარი ბიბლიოთეკა ბათუმის შოთა რუსთაველის სახელმწიფო უნივერსიტეტის მთავარი ბიბლიოთეკა წიგნსაცავი 2018-12-17 0.32 81(479.22)(092) ჭ-49 52464 2018-12-17 52464 2018-12-17 წიგნი 0.32 ლ.